Undang-undang yang mengenai kelakuan dan tatatertib penjawat awam : hak dan tanggungjawab

Bibliographic Details
Main Author: Abdul Aziz Hussin
Format: Book
Published: Kuala Lumpur : DBP , 1994
Subjects:

MARC

LEADER 00000cam a2200000 7i4500
001 0000003214
002 000003471
005 20000330.0
020 |a 9836239901 
090 0 0 |a 354.595001   |b ABD 
100 0 |a Abdul Aziz Hussin 
245 1 0 |a Undang-undang yang mengenai kelakuan dan tatatertib penjawat awam :   |b hak dan tanggungjawab   |c Abdul Aziz Hussin 
260 |a Kuala Lumpur :   |b DBP ,   |c 1994 
300 |a 300p. ;   |c 22cm. 
650 0 0 |a Civil service   |z Malaysia 
999 |a 036815   |b BUKU   |c MALAYSIANA   |e PERPUSTAKAAN KOMUNITI PETALING JAYA